[Event "NAYCC U12"]
[Site "Kingston CAN"]
[Date "2019.08.18"]
[Round "6.70"]
[White "Cheung, Ryan"]
[Black "Fini, Thomas"]
[Result "1-0"]
[WhiteElo "2090"]
[BlackElo "1859"]
[PlyCount "101"]
[EventDate "2019.08.16"]
[EventType "swiss"]
[EventRounds "9"]
[EventCountry "CAN"]

1. e4 c5 2. Nc3 Nc6 3. g3 g6 4. Bg2 Bg7 5. d3 d6 6. Nh3 Nf6 7. O-O O-O 8. f4
Nd4 9. Nf2 Rb8 10. Be3 e5 11. Qd2 Re8 12. Ncd1 exf4 13. Bxf4 b5 14. c3 Ne6 15.
Bh6 Bh8 16. Ne3 Nf8 17. Bg5 Ne6 18. Bxf6 Bxf6 19. Nfg4 Bg7 20. Nd5 Rf8 21. Nh6+
Bxh6 22. Qxh6 f6 23. Rf2 Rb7 24. Raf1 Rbf7 25. Bh3 Kh8 26. Bxe6 Bxe6 27. Nf4
Re8 28. Nxg6+ Kg8 29. Nf4 Bxa2 30. Nh5 Ref8 31. Rxf6 Qe7 32. Qg5+ Kh8 33. Rxf7
Rxf7 34. Qxe7 Rxe7 35. Rf8+ Bg8 36. Ra8 h6 37. Nf6 Rg7 38. Nxg8 Rxg8 39. Rxa7
Rf8 40. Kg2 Kg8 41. Ra6 Rf6 42. Rb6 Kf7 43. Rxb5 Ke6 44. d4 cxd4 45. cxd4 Rg6
46. Rf5 Rg7 47. d5+ Ke7 48. Rh5 Rg6 49. e5 dxe5 50. Rxe5+ Kd6 51. Re6+ 1-0

[Event "NAYCC U12"]
[Site "Kingston CAN"]
[Date "2019.08.18"]
[Round "6.71"]
[White "Chan, Jaden"]
[Black "Li, Thomas"]
[Result "1/2-1/2"]
[WhiteElo "1578"]
[BlackElo "1923"]
[PlyCount "57"]
[EventDate "2019.08.16"]
[EventType "swiss"]
[EventRounds "9"]
[EventCountry "CAN"]

1. e4 c5 2. c3 Nf6 3. e5 Nd5 4. d4 cxd4 5. cxd4 e6 6. Nf3 Nc6 7. Nc3 d6 8. Be2
Be7 9. O-O O-O 10. Re1 a6 11. Bd2 Bd7 12. Rb1 b5 13. h3 Ncb4 14. Nxd5 Nxd5 15.
a3 dxe5 16. Nxe5 Ra7 17. b4 Qb6 18. Nf3 Rc7 19. Qb3 Bf6 20. Qb2 Bc6 21. Ne5
Rfc8 22. Rbc1 Ne7 23. Be3 Nf5 24. Nxc6 Rxc6 25. Rxc6 Rxc6 26. Rc1 Rxc1+ 27.
Qxc1 h6 28. Qc8+ Kh7 29. Bd3 1/2-1/2

[Event "NAYCC U12"]
[Site "Kingston CAN"]
[Date "2019.08.18"]
[Round "6.72"]
[White "Tu, Lawrence"]
[Black "Kou, Daniel"]
[Result "1/2-1/2"]
[WhiteElo "1919"]
[BlackElo "1676"]
[PlyCount "65"]
[EventDate "2019.08.16"]
[EventType "swiss"]
[EventRounds "9"]
[EventCountry "CAN"]

1. c4 e5 2. Nc3 Bb4 3. Nd5 Bc5 4. e3 c6 5. Nc3 d5 6. d4 exd4 7. exd4 Be7 8. Nf3
Nf6 9. Bf4 Be6 10. cxd5 Nxd5 11. Nxd5 Qxd5 12. Be2 O-O 13. O-O Nd7 14. Qd2 Nf6
15. Ng5 Rfd8 16. Nxe6 Qxe6 17. Rfe1 Qd7 18. Rad1 Nd5 19. a3 Bd6 20. Bxd6 Qxd6
21. Bf3 Re8 22. g3 Rad8 23. Qa5 a6 24. Kg2 g6 25. h4 h5 26. Qd2 Kg7 27. b4 Rxe1
28. Rxe1 Nb6 29. Re4 Nd5 30. Qb2 Nf6 31. Rf4 Nd5 32. Re4 Nf6 33. Rf4 1/2-1/2

[Event "NAYCC U12"]
[Site "Kingston CAN"]
[Date "2019.08.18"]
[Round "6.73"]
[White "Zhang, Chu Hang"]
[Black "Harish, Neeraj"]
[Result "1-0"]
[WhiteElo "2101"]
[BlackElo "1852"]
[PlyCount "83"]
[EventDate "2019.08.16"]
[EventType "swiss"]
[EventRounds "9"]
[EventCountry "CAN"]

1. e4 e5 2. Nc3 Nf6 3. f4 d5 4. fxe5 Nxe4 5. Nf3 Bc5 6. d4 Bb4 7. Bd2 Nxd2 8.
Qxd2 Nc6 9. Qe3 Bf5 10. O-O-O Qd7 11. Bb5 a6 12. Ba4 b5 13. Bb3 Bxc3 14. Qxc3
O-O 15. Qc5 Be6 16. c3 Na5 17. Bc2 Nc4 18. Rhe1 b4 19. b3 Na3 20. Bd3 a5 21.
cxb4 a4 22. Kb2 axb3 23. axb3 c6 24. Ra1 Nb5 25. Ra5 Rxa5 26. bxa5 Qb7 27. Rc1
Bd7 28. Bxb5 Qxb5 29. Qxb5 cxb5 30. Rc7 Rd8 31. Kc3 Kf8 32. Kb4 Ke7 33. Kc5 Ra8
34. Kb6 Kd8 35. Rc5 Rb8+ 36. Ka7 Rc8 37. Kb7 Rxc5 38. dxc5 b4 39. a6 Bc8+ 40.
Kb6 Bxa6 41. Kxa6 Kc7 42. Kb5 1-0

[Event "NAYCC U12"]
[Site "Kingston CAN"]
[Date "2019.08.18"]
[Round "6.74"]
[White "Wu, Benjamin"]
[Black "Zhang, Henry X"]
[Result "1-0"]
[WhiteElo "1731"]
[BlackElo "1624"]
[PlyCount "57"]
[EventDate "2019.08.16"]
[EventType "swiss"]
[EventRounds "9"]
[EventCountry "CAN"]

1. e4 c5 2. Nf3 e6 3. d4 cxd4 4. Nxd4 Nc6 5. c4 a6 6. Be3 Qc7 7. Be2 Nf6 8. f3
Be7 9. Nc3 O-O 10. Qd2 d6 11. O-O-O Ne5 12. b3 Rb8 13. Kb2 Ned7 14. g4 Nc5 15.
g5 Nfd7 16. h4 Ne5 17. f4 Nc6 18. h5 Nxd4 19. Bxd4 e5 20. Nd5 Qd8 21. Bxc5 dxc5
22. Qc3 exf4 23. h6 f6 24. gxf6 Bxf6 25. e5 Qe8 26. exf6 Qxe2+ 27. Rd2 Qe6 28.
fxg7 Rf7 29. Nf6+ 1-0

[Event "NAYCC U12"]
[Site "Kingston CAN"]
[Date "2019.08.18"]
[Round "6.75"]
[White "He, Samuel"]
[Black "Padhye, Rohan"]
[Result "1-0"]
[WhiteElo "1568"]
[BlackElo "2007"]
[PlyCount "73"]
[EventDate "2019.08.16"]
[EventType "swiss"]
[EventRounds "9"]
[EventCountry "CAN"]

1. e4 e5 2. Nf3 Nc6 3. Bb5 a6 4. Ba4 Nf6 5. O-O Be7 6. d3 b5 7. Bb3 d6 8. c3
O-O 9. Re1 Na5 10. Bc2 c5 11. Be3 Bb7 12. Nbd2 Nd7 13. d4 exd4 14. cxd4 Nc6 15.
d5 Nb4 16. Nb3 Bf6 17. a3 Nxc2 18. Qxc2 Ne5 19. Nxe5 Bxe5 20. f4 Bf6 21. Bf2
Re8 22. Kh1 g6 23. Qd2 Bg7 24. Na5 Bc8 25. Nc6 Qc7 26. e5 Bd7 27. Rac1 Bxc6 28.
dxc6 dxe5 29. fxe5 Rxe5 30. Qd7 Qxd7 31. cxd7 Rd8 32. Rxe5 Bxe5 33. Rxc5 Bf6
34. Rd5 Ra8 35. Bb6 Bd8 36. Rc5 Bxb6 37. Rc8+ 1-0

[Event "NAYCC U12"]
[Site "Kingston CAN"]
[Date "2019.08.18"]
[Round "6.76"]
[White "He, Matthew"]
[Black "Yan, Alex Jikai"]
[Result "0-1"]
[WhiteElo "1810"]
[BlackElo "1801"]
[PlyCount "74"]
[EventDate "2019.08.16"]
[EventType "swiss"]
[EventRounds "9"]
[EventCountry "CAN"]

1. d4 d5 2. c4 e6 3. Nc3 Nf6 4. cxd5 exd5 5. Bg5 Be7 6. e3 Be6 7. Bd3 O-O 8.
Nf3 Nbd7 9. O-O c6 10. Nd2 Ne8 11. Bxe7 Qxe7 12. Rb1 f5 13. Qc2 Nd6 14. Rfe1
Nf6 15. Nf3 Nfe4 16. Ne5 Nf7 17. Nxf7 Qxf7 18. f3 Nxc3 19. bxc3 g6 20. Rb2 b5
21. g3 Rae8 22. a4 a6 23. Ra1 Ra8 24. Rba2 Qb7 25. Qb2 Bd7 26. Qa3 Rfe8 27. Kf2
Qb6 28. axb5 cxb5 29. Qb4 Bc6 30. Ra5 Bb7 31. R1a3 Qe6 32. Qb1 Qxe3+ 33. Kg2
Qd2+ 34. Kg1 Re1+ 35. Qxe1 Qxe1+ 36. Kg2 Qd2+ 37. Kh1 Qxd3 0-1

[Event "NAYCC U12"]
[Site "Kingston CAN"]
[Date "2019.08.18"]
[Round "6.77"]
[White "Huang, Youhe"]
[Black "Srinivas, Atharva"]
[Result "1-0"]
[WhiteElo "2167"]
[BlackElo "1695"]
[PlyCount "103"]
[EventDate "2019.08.16"]
[EventType "swiss"]
[EventRounds "9"]
[EventCountry "CAN"]

1. e4 e5 2. f4 d5 3. exd5 exf4 4. Nf3 Nf6 5. Bc4 Nxd5 6. O-O Be7 7. Nc3 Nxc3 8.
bxc3 O-O 9. d4 Nd7 10. Bxf4 Nf6 11. Ne5 Nd5 12. Bd2 Be6 13. Bd3 Bg5 14. Qh5 h6
15. Bxg5 Qxg5 16. Qxg5 hxg5 17. c4 Nf4 18. d5 Nxd3 19. cxd3 Bc8 20. Rae1 Re8
21. d4 f6 22. Nd3 Rxe1 23. Rxe1 b6 24. Re7 Bf5 25. Nb4 Rc8 26. Na6 Bd3 27. Nxc7
Bxc4 28. d6 Rd8 29. d7 Bf7 30. Re8+ Bxe8 31. dxe8=Q+ Rxe8 32. Nxe8 Kf7 33. Nc7
Ke7 34. Kf2 Kd6 35. Ne8+ Kd5 36. Ke3 f5 37. Nxg7 f4+ 38. Kd3 b5 39. Nh5 a5 40.
h4 f3 41. hxg5 fxg2 42. Nf4+ Kd6 43. Nxg2 Ke6 44. Nf4+ Kf5 45. g6 Kf6 46. d5 b4
47. d6 a4 48. d7 b3 49. d8=Q+ Kg7 50. Qe7+ Kh6 51. g7 b2 52. g8=N# 1-0

[Event "NAYCC U12"]
[Site "Kingston CAN"]
[Date "2019.08.18"]
[Round "6.78"]
[White "Galvez Villalva, Brian Emiliano"]
[Black "He, Zekai"]
[Result "1-0"]
[WhiteElo "1455"]
[BlackElo "1318"]
[PlyCount "111"]
[EventDate "2019.08.16"]
[EventType "swiss"]
[EventRounds "9"]
[EventCountry "CAN"]

1. b4 e5 2. Bb2 d6 3. c4 Nf6 4. e3 Be7 5. a3 O-O 6. Nf3 Bf5 7. d3 c6 8. e4 Be6
9. Nbd2 a6 10. Be2 Re8 11. O-O Nbd7 12. Qc2 Nf8 13. d4 exd4 14. Nxd4 Ng6 15. f4
Bd7 16. h3 h6 17. f5 Ne5 18. N2f3 Qc7 19. Nxe5 dxe5 20. Nf3 Bf8 21. Bd3 c5 22.
Bc3 Rac8 23. Qb2 Bd6 24. g4 Nh7 25. h4 f6 26. Bd2 Be7 27. Be3 b6 28. Rfd1 Rb8
29. Rac1 Bc6 30. b5 axb5 31. cxb5 Bd7 32. Bc4+ Kh8 33. Rd5 Rbd8 34. Rcd1 Bc8
35. R5d2 Rxd2 36. Rxd2 Rd8 37. Kf2 Bb7 38. Qc2 Ra8 39. a4 Rd8 40. Rd3 Rb8 41.
Rd1 Rd8 42. Rh1 Rd6 43. g5 hxg5 44. hxg5 fxg5 45. Bxg5 Bxg5 46. Nxg5 Rh6 47.
Nf7+ Qxf7 48. Bxf7 Rxh1 49. Qd3 Nf6 50. Qd8+ Kh7 51. Bg6+ Kh6 52. Qh8+ Kg5 53.
Qxh1 Nxe4+ 54. Ke3 Nd6 55. Qh5+ Kf6 56. Qh4# 1-0

[Event "NAYCC U12"]
[Site "Kingston CAN"]
[Date "2019.08.18"]
[Round "6.79"]
[White "Huang, Richard"]
[Black "Bocan, Richard"]
[Result "1/2-1/2"]
[WhiteElo "1542"]
[BlackElo "1601"]
[PlyCount "88"]
[EventDate "2019.08.16"]
[EventType "swiss"]
[EventRounds "9"]
[EventCountry "CAN"]

1. d4 d5 2. c4 e6 3. Nc3 Nf6 4. Bg5 Be7 5. Nf3 O-O 6. e3 b6 7. Be2 h6 8. Bh4
Bb7 9. O-O Nbd7 10. Ne5 c5 11. Nxd7 Qxd7 12. Bxf6 Bxf6 13. dxc5 Bxc3 14. bxc3
bxc5 15. cxd5 Qxd5 16. Qxd5 Bxd5 17. c4 Bc6 18. Rab1 Rfd8 19. Rfd1 Kf8 20. f3
Ke7 21. Kf2 Rxd1 22. Bxd1 Rd8 23. Ke2 e5 24. Bb3 Ke6 25. Rd1 Rxd1 26. Bxd1 g5
27. e4 f5 28. Bc2 f4 29. Kf2 Bd7 30. g3 Kd6 31. g4 Kc7 32. Ke2 Kb6 33. Kd2 Ka5
34. Kc3 Ba4 35. Bb3 Bc6 36. h3 Bb7 37. a3 Bc6 38. Kb2 Be8 39. Kc3 h5 40. Bd1 h4
41. Bc2 Bd7 42. Bd1 Be6 43. Kd3 a6 44. Kc3 Bd7 1/2-1/2

[Event "NAYCC U12"]
[Site "Kingston CAN"]
[Date "2019.08.18"]
[Round "6.80"]
[White "Iyer, Vedanth"]
[Black "Liu, Aaron"]
[Result "1/2-1/2"]
[WhiteElo "1525"]
[BlackElo "1565"]
[PlyCount "80"]
[EventDate "2019.08.16"]
[EventType "swiss"]
[EventRounds "9"]
[EventCountry "CAN"]

1. e4 e5 2. Nf3 Nc6 3. Bb5 a6 4. Ba4 Nf6 5. O-O b5 6. Bb3 Bc5 7. Re1 d6 8. h3
O-O 9. c3 h6 10. d4 Bb6 11. Bc2 Bb7 12. Be3 Re8 13. d5 Ne7 14. Bxb6 cxb6 15.
Nbd2 Ng6 16. Nf1 Bc8 17. Ng3 Bd7 18. a4 Qc8 19. axb5 Bxb5 20. Ba4 Bd7 21. Bxd7
Qxd7 22. Qa4 Qc7 23. Nf5 Nf4 24. Rad1 b5 25. Qb4 Red8 26. Re3 Qd7 27. Ng3 Rdc8
28. Ne2 Nxe2+ 29. Rxe2 Rc4 30. Qa3 Nxe4 31. Ree1 Nf6 32. Nd2 Rcc8 33. Ne4 Nxe4
34. Rxe4 f6 35. Qb3 Rc5 36. Qc2 Rac8 37. Qd2 Qf7 38. Rg4 Qd7 39. Rg3 Kh8 40.
Qd3 Qf7 1/2-1/2

[Event "NAYCC U12"]
[Site "Kingston CAN"]
[Date "2019.08.18"]
[Round "6.81"]
[White "Zhu, Ricky"]
[Black "Xie, Austin"]
[Result "1/2-1/2"]
[WhiteElo "1472"]
[BlackElo "1872"]
[PlyCount "76"]
[EventDate "2019.08.16"]
[EventType "swiss"]
[EventRounds "9"]
[EventCountry "CAN"]

1. e4 e6 2. Qe2 c5 3. Nf3 Nc6 4. g3 Nf6 5. Bg2 d5 6. d3 Be7 7. O-O O-O 8. c4 b6
9. Nbd2 Bb7 10. Re1 Nb4 11. Rd1 Qc7 12. a3 Nc2 13. Rb1 dxe4 14. Nxe4 Nd4 15.
Nxd4 cxd4 16. b4 e5 17. Nxf6+ Bxf6 18. Bxb7 Qxb7 19. Bd2 Rab8 20. b5 Qc7 21. a4
Be7 22. f4 f6 23. Re1 Bd6 24. fxe5 fxe5 25. Ra1 Qb7 26. a5 Rf3 27. a6 Qf7 28.
Rf1 Rf8 29. Kg2 Rxf1 30. Rxf1 Qxf1+ 31. Qxf1 Rxf1 32. Kxf1 Kf7 33. Kf2 Kf6 34.
h3 h5 35. Kf3 Kf5 36. g4+ hxg4+ 37. hxg4+ Ke6 38. Ke4 Be7 1/2-1/2

[Event "NAYCC U12"]
[Site "Kingston CAN"]
[Date "2019.08.18"]
[Round "6.83"]
[White "Chen, Richard"]
[Black "Su, Kevin"]
[Result "0-1"]
[WhiteElo "1831"]
[BlackElo "1882"]
[PlyCount "114"]
[EventDate "2019.08.16"]
[EventType "swiss"]
[EventRounds "9"]
[EventCountry "CAN"]

1. e4 e5 2. Nf3 Nc6 3. Bb5 a6 4. Ba4 Nf6 5. O-O Be7 6. Re1 b5 7. Bb3 d6 8. c3
Na5 9. Bc2 c5 10. d4 Qc7 11. d5 Bg4 12. h3 Bh5 13. Nbd2 O-O 14. Nf1 Rfc8 15.
Ng3 Bg6 16. b3 Nd7 17. Bg5 Nb6 18. Bxe7 Qxe7 19. Qe2 Nb7 20. Nf5 Bxf5 21. exf5
Nxd5 22. Qd2 Nb6 23. Ng5 h6 24. Ne4 d5 25. Ng3 Qf6 26. Nh5 Qh4 27. g4 Qxh3 28.
f6 Qxg4+ 29. Ng3 e4 30. Bd1 Qg5 31. Qxg5 hxg5 32. fxg7 Kxg7 33. Nf5+ Kf6 34.
Bg4 Rh8 35. Kg2 Ke5 36. f3 Kf4 37. Ng3 f5 38. fxe4 Kxg4 39. exf5 Rh3 40. Re3
Rah8 41. Rae1 Rh2+ 42. Kg1 R8h3 43. f6 Nd6 44. Re6 Nbc8 45. Re8 Kxg3 46. R1e3+
Kg4 47. Rxh3 Rxh3 48. Kg2 Rxc3 49. Rxc8 Nxc8 50. f7 Rf3 51. f8=Q Rxf8 52. a3
Rf3 53. a4 bxa4 54. bxa4 a5 55. Kh2 Rg3 56. Kh1 Kf3 57. Kh2 Kf2 0-1

[Event "NAYCC U12"]
[Site "Kingston CAN"]
[Date "2019.08.18"]
[Round "6.84"]
[White "Xu, Jayden"]
[Black "Zhou, Johnson"]
[Result "1-0"]
[WhiteElo "1649"]
[BlackElo "1409"]
[PlyCount "75"]
[EventDate "2019.08.16"]
[EventType "swiss"]
[EventRounds "9"]
[EventCountry "CAN"]

1. d4 d5 2. c4 e6 3. Nc3 Nf6 4. Bg5 Be7 5. Nf3 h6 6. Bh4 Nbd7 7. e3 b6 8. Bd3
O-O 9. O-O Bb7 10. Nd2 c5 11. Qc2 Qc7 12. Bg3 Qc6 13. f4 Ng4 14. Rfe1 Nxe3 15.
Rxe3 cxd4 16. Nxd5 Bc5 17. Be4 exd5 18. cxd5 Qc8 19. Rd3 Nf6 20. Qb3 Qd7 21.
Bf3 Nxd5 22. Nc4 Nb4 23. Ne5 Qc8 24. Bg4 Qd8 25. Rd2 Bd5 26. Qd1 Bxa2 27. b3
Qe7 28. Nd3 f5 29. Bf3 Qe6 30. Nxb4 Bxb3 31. Qxb3 Qxb3 32. Bd5+ Qxd5 33. Nxd5
Rad8 34. Nc7 Rf7 35. Ne6 d3+ 36. Kf1 Be3 37. Nxd8 Bxd2 38. Nxf7 1-0

[Event "NAYCC U12"]
[Site "Kingston CAN"]
[Date "2019.08.18"]
[Round "6.85"]
[White "Cheng, Adrien"]
[Black "Huang, Edison"]
[Result "0-1"]
[WhiteElo "1426"]
[BlackElo "1653"]
[PlyCount "112"]
[EventDate "2019.08.16"]
[EventType "swiss"]
[EventRounds "9"]
[EventCountry "CAN"]

1. e4 e6 2. d4 d5 3. e5 c5 4. c3 Nc6 5. Nf3 Qb6 6. Na3 c4 7. Nc2 f6 8. g3 fxe5
9. Nxe5 Nxe5 10. dxe5 Bc5 11. Nd4 Bd7 12. Bg2 O-O-O 13. O-O Rf8 14. b4 Bxd4 15.
Qxd4 Qxd4 16. cxd4 Ba4 17. Rb1 b5 18. Bd2 Ne7 19. Rbc1 Nc6 20. Bc3 Kd7 21. f4
a5 22. a3 axb4 23. axb4 g6 24. g4 Ne7 25. Rf2 h5 26. Bh3 hxg4 27. Bxg4 Nf5 28.
Bxf5 gxf5 29. Rg2 Rf7 30. Rf1 Rh3 31. Rg3 Rh4 32. Rg2 Rfh7 33. Be1 Rh3 34. Bg3
Ke7 35. Rc1 Kf7 36. Ra2 Rh8 37. Kg2 R3h7 38. Ra3 Ra8 39. Rcc3 Kf8 40. Be1 Kf7
41. Bg3 Rg8 42. Ra1 Ke7 43. Raa3 Kd7 44. Ra1 Kc6 45. Raa3 Kb7 46. Ra1 Bb3 47.
Kh1 Rg4 48. Kg2 Rhg7 49. Kh1 Rg8 50. Kg2 Rxf4 51. Kh1 Rxd4 52. Bf2 Rd1+ 53.
Rxd1 Bxd1 54. h3 f4 55. Ra3 Bc2 56. Kh2 Be4 0-1

[Event "NAYCC U12"]
[Site "Kingston CAN"]
[Date "2019.08.18"]
[Round "6.87"]
[White "Odrcich, Evan"]
[Black "Lancman, Kaleb"]
[Result "0-1"]
[WhiteElo "878"]
[BlackElo "1501"]
[PlyCount "108"]
[EventDate "2019.08.16"]
[EventType "swiss"]
[EventRounds "9"]
[EventCountry "CAN"]

1. e4 d5 2. exd5 Qxd5 3. Nc3 Qd6 4. d4 c6 5. Nf3 Bg4 6. Be2 Nd7 7. Be3 e6 8.
Qd3 Ngf6 9. Ne4 Nxe4 10. Qxe4 Bf5 11. Qh4 Bxc2 12. O-O Bf5 13. Rfd1 Be7 14. Qg3
Qxg3 15. hxg3 O-O 16. Nh4 Be4 17. Rac1 Nf6 18. Bc4 Bd5 19. Bxd5 Nxd5 20. Bd2
Rfd8 21. Nf3 Bf6 22. Ba5 Nb6 23. Ne5 Rd5 24. Bc3 Rad8 25. b3 Bxe5 26. Kf1 Bxd4
27. Bxd4 Rxd4 28. Rxd4 Rxd4 29. Ke2 Kf8 30. Ke3 e5 31. f4 Nd5+ 32. Kf3 exf4 33.
gxf4 Rxf4+ 34. Kg3 Ke7 35. Rd1 g5 36. Re1+ Kd7 37. Re5 f6 38. Re1 h5 39. Kh2
Ne7 40. g3 Rf2+ 41. Kg1 Rxa2 42. Rd1+ Nd5 43. Kf1 Ke6 44. Re1+ Kf5 45. Kg1 Kg4
46. Kh1 Kxg3 47. Kg1 h4 48. Kh1 g4 49. Rg1+ Kh3 50. Rf1 g3 51. Kg1 Rg2+ 52. Kh1
Rf2 53. Rxf2 gxf2 54. b4 f1=R# 0-1

[Event "NAYCC U12"]
[Site "Kingston CAN"]
[Date "2019.08.18"]
[Round "6.88"]
[White "Navala, Anthony"]
[Black "Xu, Xinge"]
[Result "1-0"]
[WhiteElo "1348"]
[BlackElo "1266"]
[PlyCount "89"]
[EventDate "2019.08.16"]
[EventType "swiss"]
[EventRounds "9"]
[EventCountry "CAN"]

1. d4 d5 2. c4 e6 3. Nc3 Nf6 4. cxd5 exd5 5. Bg5 Be6 6. e3 c5 7. Nf3 Nc6 8. Bb5
a6 9. Bxc6+ bxc6 10. Rc1 cxd4 11. Nxd4 Bd7 12. O-O Bd6 13. e4 Qc7 14. h3 h6 15.
Bxf6 gxf6 16. Re1 dxe4 17. Nxe4 Kf8 18. Nxf6 c5 19. Nxd7+ Qxd7 20. Qf3 Rb8 21.
Ne6+ Ke8 22. Nxc5+ Qe7 23. Rxe7+ Bxe7 24. Qc6+ Kf8 25. Nd7+ Kg7 26. Nxb8 Rxb8
27. Qc3+ Bf6 28. Qg3+ Bg5 29. h4 Rxb2 30. hxg5 hxg5 31. Qe5+ f6 32. Qxb2 Kg6
33. Rc7 a5 34. Qc2+ f5 35. Qc6+ Kh5 36. Rh7+ Kg4 37. f3+ Kf4 38. Qc1+ Ke5 39.
f4+ gxf4 40. Qe1+ Kd4 41. Rd7+ Kc4 42. Qc1+ Kb4 43. Rb7+ Ka4 44. Qc4+ Ka3 45.
Qb3# 1-0

[Event "NAYCC U12"]
[Site "Kingston CAN"]
[Date "2019.08.18"]
[Round "6.90"]
[White "Adam, Rafael"]
[Black "Li, Neal"]
[Result "1-0"]
[WhiteElo "1674"]
[BlackElo "1166"]
[PlyCount "87"]
[EventDate "2019.08.16"]
[EventType "swiss"]
[EventRounds "9"]
[EventCountry "CAN"]

1. d4 d5 2. c4 dxc4 3. Nf3 Nf6 4. e3 Bg4 5. Bxc4 e6 6. Nc3 Nbd7 7. O-O Be7 8.
Be2 O-O 9. h3 Bh5 10. Re1 Nb6 11. b3 Bb4 12. Bb2 Nbd5 13. Rc1 Bg6 14. Bd3 Bxd3
15. Qxd3 Bxc3 16. Bxc3 Nxc3 17. Qxc3 Nd5 18. Qc4 c6 19. Ne5 Qe7 20. Nd3 h6 21.
Re2 Rfc8 22. Qc5 Rc7 23. Qxe7 Rxe7 24. a3 Rd8 25. Nc5 Rc7 26. Rec2 Nb6 27. Kf1
Nd7 28. b4 Nxc5 29. Rxc5 Kf8 30. b5 Rdc8 31. bxc6 Rxc6 32. Rxc6 Rxc6 33. Rxc6
bxc6 34. Ke2 Ke7 35. Kd3 Kd6 36. Kc4 a5 37. e4 f6 38. f4 e5 39. dxe5+ fxe5 40.
f5 h5 41. g4 h4 42. a4 Ke7 43. g5 Kd6 44. g6 1-0

[Event "NAYCC U12"]
[Site "Kingston CAN"]
[Date "2019.08.18"]
[Round "6.91"]
[White "Yuan, Edison"]
[Black "Lim, Nicolas"]
[Result "1-0"]
[WhiteElo "1745"]
[BlackElo "1222"]
[PlyCount "57"]
[EventDate "2019.08.16"]
[EventType "swiss"]
[EventRounds "9"]
[EventCountry "CAN"]

1. e4 c5 2. Nf3 d6 3. d4 cxd4 4. Nxd4 Nf6 5. Nc3 g6 6. Be3 Bg7 7. f3 Nc6 8. g4
Nxd4 9. Bxd4 h5 10. g5 O-O 11. gxf6 exf6 12. Qd2 Re8 13. O-O-O Be6 14. Bb5 Bd7
15. Bxd7 Qxd7 16. Nd5 Re6 17. Nf4 Ree8 18. Be3 Rad8 19. Nd5 Qh3 20. Rhf1 f5 21.
Bh6 fxe4 22. Bxg7 Kxg7 23. Qd4+ Kh6 24. fxe4 Qxh2 25. Rxf7 Qe5 26. Qe3+ g5 27.
Rdf1 Re6 28. R1f5 Qxf5 29. Rxf5 1-0

[Event "NAYCC U12"]
[Site "Kingston CAN"]
[Date "2019.08.18"]
[Round "6.92"]
[White "Chen, Andrew"]
[Black "Qiu, James"]
[Result "1/2-1/2"]
[WhiteElo "1444"]
[BlackElo "1551"]
[PlyCount "126"]
[EventDate "2019.08.16"]
[EventType "swiss"]
[EventRounds "9"]
[EventCountry "CAN"]

1. c4 c5 2. Nc3 e6 3. g3 Nc6 4. Bg2 Nge7 5. e4 g6 6. Nge2 Bg7 7. Nf4 Nd4 8. O-O
a6 9. d3 Nec6 10. b3 b6 11. Bb2 Bb7 12. a3 O-O 13. Nfe2 Rb8 14. Rb1 d6 15. Nxd4
Nxd4 16. Ne2 Re8 17. Nxd4 cxd4 18. f4 e5 19. Qe2 Qd7 20. Qf2 Re6 21. Bh3 Qe7
22. Bxe6 Qxe6 23. f5 Qd7 24. fxg6 fxg6 25. Qe2 Bh6 26. Bc1 Bg7 27. Bg5 Re8 28.
Qd2 Qh3 29. Rf2 Bc8 30. Rbf1 Be6 31. Qb4 Qh5 32. Bc1 Bh3 33. Re1 Qg4 34. Qxd6
h5 35. Qb4 h4 36. Qd2 hxg3 37. hxg3 Qxg3+ 38. Kh1 Bh6 39. Rg1 Qxg1+ 40. Kxg1
Bxd2 41. Bxd2 Rf8 42. Rxf8+ Kxf8 43. Bg5 Kf7 44. Bd8 b5 45. cxb5 axb5 46. a4
bxa4 47. bxa4 Bd7 48. Kf2 Bxa4 49. Ke2 Bb5 50. Bg5 Ke6 51. Kd2 Kd6 52. Ke2 Kc5
53. Kd2 Ba4 54. Bf6 Kd6 55. Bg5 Bb5 56. Ke2 Ba4 57. Kd2 Bb3 58. Ke2 Ba4 59. Kd2
Bd7 60. Kc2 Ba4+ 61. Kd2 Bd7 62. Ke2 Ba4 63. Kd2 Kc6 1/2-1/2

[Event "NAYCC U12"]
[Site "Kingston CAN"]
[Date "2019.08.18"]
[Round "6.94"]
[White "Milardovic, Ivan"]
[Black "Cui, Guang Zhu"]
[Result "0-1"]
[WhiteElo "707"]
[BlackElo "735"]
[PlyCount "56"]
[EventDate "2019.08.16"]
[EventType "swiss"]
[EventRounds "9"]
[EventCountry "CAN"]

1. e4 c5 2. Nf3 d6 3. d4 cxd4 4. Nxd4 Nf6 5. Nc3 Nc6 6. Nf3 Bg4 7. Be2 g6 8.
Ng5 Bxe2 9. Qxe2 Bg7 10. Be3 O-O 11. O-O-O a5 12. Nd5 Qd7 13. Nxf6+ Bxf6 14.
Nh3 Rfb8 15. Bg5 Bg7 16. f4 b5 17. f5 b4 18. fxg6 hxg6 19. Qc4 Ne5 20. Qd5 Ra6
21. Rhf1 e6 22. Qd2 a4 23. Bh6 Bh8 24. Bf4 Nc4 25. Qf2 Bxb2+ 26. Kb1 b3 27.
axb3 axb3 28. Qh4 Ra1# 0-1

[Event "NAYCC U12"]
[Site "Kingston CAN"]
[Date "2019.08.18"]
[Round "6.96"]
[White "Kriemadis, Noah"]
[Black "Wang, Andrew"]
[Result "0-1"]
[WhiteElo "1114"]
[BlackElo "1416"]
[PlyCount "134"]
[EventDate "2019.08.16"]
[EventType "swiss"]
[EventRounds "9"]
[EventCountry "CAN"]

1. d4 Nf6 2. Bf4 d5 3. Nf3 Bf5 4. e3 e6 5. Nbd2 Bd6 6. Ne5 Nbd7 7. Be2 O-O 8.
O-O c5 9. c3 Qc7 10. Nxd7 Qxd7 11. Bg5 Ne4 12. Nxe4 Bxe4 13. Bd3 Bxd3 14. Qxd3
f6 15. dxc5 Bxc5 16. Bf4 e5 17. Bg3 Rfd8 18. Rad1 Rac8 19. Kh1 b5 20. b3 a5 21.
c4 bxc4 22. bxc4 d4 23. f4 Qe7 24. e4 Rf8 25. Be1 Qc7 26. f5 Rb8 27. Rb1 Rxb1
28. Qxb1 Rb8 29. Qc2 Qd8 30. Rf3 Bb4 31. Bf2 Bc3 32. Rd3 Qc7 33. Qa4 Rb1+ 34.
Bg1 Qb8 35. g3 Qa8 36. Rf3 d3 37. c5 Bd4 38. Kg2 Rxg1+ 39. Kh3 d2 40. Rd3 d1=Q
41. Rxd1 Rxd1 42. Qxd1 Bxc5 43. Qh5 Qf8 44. Kg2 Qf7 45. Qd1 Qxa2+ 46. Kh3 Bd4
47. Qc1 Qf7 48. Qc8+ Qf8 49. Qe6+ Kh8 50. Kh4 a4 51. g4 a3 52. g5 fxg5+ 53.
Kxg5 Qf6+ 54. Kg4 Qxe6 55. fxe6 Bc5 56. Kf5 a2 57. Kxe5 a1=Q+ 58. Kd5 Qd4+ 59.
Kc6 Kg8 60. e7 Bxe7 61. e5 Qc5+ 62. Kd7 Kf8 63. e6 Bd6 64. e7+ Bxe7 65. Ke6 Bd6
66. Kd7 Kf7 67. Kd8 Qc7# 0-1

[Event "NAYCC U12"]
[Site "Kingston CAN"]
[Date "2019.08.19"]
[Round "7.61"]
[White "Xu, Arthur"]
[Black "Mundayat, Abinav"]
[Result "1-0"]
[WhiteElo "2176"]
[BlackElo "2081"]
[PlyCount "63"]
[EventDate "2019.08.16"]
[EventType "swiss"]
[EventRounds "9"]
[EventCountry "CAN"]

1. e4 c5 2. Nf3 Nc6 3. d4 cxd4 4. Nxd4 e5 5. Nb5 d6 6. c4 Be7 7. N1c3 a6 8. Na3
Be6 9. Nc2 Bg5 10. Bd3 Bxc1 11. Rxc1 Nf6 12. O-O O-O 13. Qd2 Rc8 14. b3 Qe7 15.
Ne3 Nb8 16. f4 exf4 17. Rxf4 Rfe8 18. Bb1 Rcd8 19. Rcf1 b5 20. Rxf6 gxf6 21.
Ncd5 Bxd5 22. Nxd5 Qa7+ 23. Kh1 Re5 24. Nxf6+ Kg7 25. Ng4 Rh5 26. Qc3+ Kf8 27.
Qh8+ Ke7 28. Qf6+ Ke8 29. Qg7 Re5 30. Qg8+ Kd7 31. Nxe5+ dxe5 32. Qxf7+ 1-0

[Event "NAYCC U12"]
[Site "Kingston CAN"]
[Date "2019.08.19"]
[Round "7.62"]
[White "Liu, Henry"]
[Black "Levine, Jack"]
[Result "1/2-1/2"]
[WhiteElo "1952"]
[BlackElo "2198"]
[PlyCount "117"]
[EventDate "2019.08.16"]
[EventType "swiss"]
[EventRounds "9"]
[EventCountry "CAN"]

1. c4 Nf6 2. Nc3 d5 3. cxd5 Nxd5 4. g3 g6 5. Bg2 Nxc3 6. bxc3 Bg7 7. Nf3 O-O 8.
O-O c5 9. d4 Nc6 10. e3 Be6 11. Ba3 cxd4 12. Nxd4 Nxd4 13. cxd4 Bc4 14. Re1 Qd7
15. Qb1 Ba6 16. Qb4 Rfe8 17. Rab1 Rac8 18. Rec1 Bf8 19. Bb2 e6 20. Qb3 b6 21.
d5 exd5 22. Bxd5 Bb7 23. Rd1 Bxd5 24. Rxd5 Qg4 25. Rbd1 Rc7 26. R5d4 Qe6 27.
Qxe6 fxe6 28. R1d2 Bg7 29. Rd8 Rxd8 30. Rxd8+ Kf7 31. Bxg7 Kxg7 32. Kg2 Kf6 33.
Rd2 Ke5 34. Kf3 Rc4 35. Ke2 b5 36. Rb2 a6 37. Kd3 Ra4 38. f3 Ra3+ 39. Kd2 Kd5
40. h3 h6 41. Ke2 h5 42. h4 Kc4 43. Rc2+ Rc3 44. Rd2 Kc5 45. g4 Rc4 46. gxh5
gxh5 47. Kd3 Rxh4 48. e4 Kd6 49. Ke3+ Ke5 50. Rc2 Kd6 51. Kd4 e5+ 52. Ke3 Rh1
53. Rd2+ Ke6 54. Rc2 Rd1 55. Rc6+ Rd6 56. Rc8 a5 57. Rc5 Rb6 58. f4 exf4+ 59.
Kxf4 1/2-1/2